El derecho romano en la obra de Vélez Sarsfield. En los Manuscritos del Código Civil Libro I.
Guardat en:
| Autor principal: | |
|---|---|
| Format: | Llibre |
| Idioma: | anglès |
| Publicat: |
Córdoba, Argentina:
Imprenta de la Universidad de Córdoba,
2000
|
| Matèries: | |
| Etiquetes: |
Afegir etiqueta
Sense etiquetes, Sigues el primer a etiquetar aquest registre!
|
MARC
| LEADER | 00000nam a2200000 a 4500 | ||
|---|---|---|---|
| 001 | UCO9918 | ||
| 003 | CL-VaPUC | ||
| 005 | 20220822114518.0 | ||
| 008 | 220623t1950 ||||| |||| 00| 0 eng d | ||
| 999 | |c 436255 |d 436253 | ||
| 020 | |a 9879233484 | ||
| 040 | |c Pontificia Universidad Católica de Valparaíso | ||
| 082 | 0 | 4 | |a 349.82 DIA 1950 |b |2 21 |
| 100 | 0 | |a Díaz Bialet, Agustín |e autor |9 455142 | |
| 245 | 1 | 3 | |a El derecho romano en la obra de Vélez Sarsfield. |b En los Manuscritos del Código Civil Libro I. |
| 260 | |a Córdoba, Argentina: |b Imprenta de la Universidad de Córdoba, |c 2000 | ||
| 300 | |a Segundo volumen. | ||
| 500 | |a v.2. c.1 Donación Familia Prof. Alejandro Guzmán Brito. | ||
| 583 | |a last modification |c 20010316 00:00:00 |k Cristina María Rojas Aguilar | ||
| 600 | |a Vélez Sársfield, Dalmacio, |d 1800-1875 |9 871302 | ||
| 650 | 0 | |a Derecho romano |9 255930 |x Argentina | |
| 650 | 0 | |a Derecho civil argentino |9 398477 | |
| 942 | |c BK |2 ddc |n 0 | ||
| 952 | |0 0 |1 0 |2 ddc |4 0 |6 349_820000000000000_DIA_1950 |7 0 |8 C_AGB |9 583986 |a BIBDER |b BIBDER |d 2022-06-23 |e Donación |h v.2 |i 5652061 |o 349.82 DIA 1950 |p 5652061 |r 2023-01-25 |t 1 |w 2022-06-23 |y BK_US |k AGB | ||